Statistics for Countries Furthest from Boston

Click here to take the quiz!

General Stats

  • This quiz has been taken 59 times
  • The average score is 15 of 20

Answer Stats

km Answer mi % Correct
18964Australia11783
98%
15661New Zealand9731
98%
16226Indonesia10082
93%
14617Thailand9083
89%
15188Malaysia9437
87%
15147Singapore9412
85%
14337Vietnam8908
85%
14108Myanmar8766
81%
14684Papua New Guinea9124
81%
14105Cambodia8764
81%
16064East Timor9981
76%
13935Sri Lanka8658
76%
14816Brunei9206
74%
14420Philippines8960
70%
14030Solomon Islands8717
67%
13872Vanuatu8620
65%
14169Maldives8804
63%
14115Madagascar8770
59%
14684Mauritius9124
48%
14584France9062
6%

Score Distribution

Percentile by Number Answered

Percent of People with Each Score

Your Score History

You have not taken this quiz